Pivovary České republiky
| Titel: | Pivovary České republiky = Breweries of the Czech Republic / Odpovědný redaktor: Mgr. Miloš Marek ; Technická redaktorka: Ing. Jana Sládková ; Mapová část: Mgr. Miloš Marek ; Sazba textové části: Blanka Holkovičová ; Obálka: Jan Ptáček ; Text: Ing. Petr Novotný ; Ilustrace pivovarů: Ing. arch. Jaroslav Staněk |
|---|---|
| darin enthalten: |
Praha Centrum 1:8 000 / Miloš Marek
Praha a okolí 1:125 000 / Miloš Marek Plzeň a okolí 1:125 000 / Miloš Marek Ostrava a okolí 1:125 000 / Miloš Marek |
| Verfasser: | |
| Beteiligt: | ; ; ; ; |
| Körperschaft: | |
| Ausgabe: | 4. vydání |
| Maßstab: | 1:500 000 |
| Veröffentlicht: | Praha : Kartografie, 2014 |
| Umfang: | 1 Karte : farbig ; 60 x 97 cm, gefaltet 23 x 13 cm + 1 Begleitheft (111 Seiten: Text, Illustrationen) |
| Format: | Karte |
| Sprache: | Tschechisch; Englisch |
| ISBN: | 9788073933449 |
alg: 43232366 001A $03004:07-06-18 001B $01999:07-06-18 $t23:48:02.000 001C $03004:07-06-18 $t10:14:26.000 001D $03004:07-06-18 001U $0utf8 001X $00 002@ $0Kau 002C $akartografisches Bild $bcri $2rdacontent 002D $aohne Hilfsmittel zu benutzen $bn $2rdamedia 002E $aBlatt $bnb $2rdacarrier 003@ $043232366X 003O $01039076685 $aOCoLC 004A $A978-80-7393-344-9 007A $043232366X $aHEB 010@ $acze $aeng 010E $erda 011@ $a2014 $n2014 021A $aPivovary České republiky $fBreweries of the Czech Republic $hOdpovědný redaktor: Mgr. Miloš Marek ; Technická redaktorka: Ing. Jana Sládková ; Mapová část: Mgr. Miloš Marek ; Sazba textové části: Blanka Holkovičová ; Obálka: Jan Ptáček ; Text: Ing. Petr Novotný ; Ilustrace pivovarů: Ing. arch. Jaroslav Staněk 028A $BKartograf $4ctg $7 $8Marek, Miloš [Tnd] $9144808811 028C $BMitwirkender $4ctb $7 $8Sládková, Jana [Tnu] $9219827133 028C $BMitwirkender $4ctb $7 $8Holkovičová, Blanka [Tn3] $9405814445 028C $BMitwirkender $4ctb $7 $8Ptáček, Jan [Tnu] $9212375067 028C $BVerfasser von ergänzendem Text $4wst $7 $8Novotný, Petr [Tnd] $9138777071 028C $BIllustrator $4ill $7136636721 $8Staněk, Jaroslav$Z1961- [Tp3] $9206636792 029F $BHerausgeber $4edt $71087353521 $8Kartografie Praha [Tb6] $9373249349 032@ $a4. vydání 033A $pPraha $nKartografie 033C $p[Praha] $nTiskárna Libertas 034D $a1 Karte 034I $a60 x 97 cm, gefaltet 23 x 13 cm 034K $a1 Begleitheft (111 Seiten: Text, Illustrationen) 034M $afarbig 035E $a1:500 000 037A $aEnthält 4 Nebenkarten auf der Rückseite 044K $RBöhmische Länder $RČeská SR $RTschechoslowakei $#Tschechien $#Tschechische Republik $#Tschechische Republik $#Tschechenland $#Tschechei Tschechien $#Česká Republika $#Czech Republic $#ČR $74303381-7 $8Tschechien [Tg1] $9086659812 044K $RAlkoholisches Getränk $RBrauerei $#Beer $#Cooking (Beer) $#Bière $#Cuisine (bière) $#Birra $#Cerveza $#beers $#Bier $#Gerstensaft $74006537-6 $8Bier [Ts1] $908500961X 044K $RBier $RBierherstellung $#Beer industry $#Breweries $#Brasserie $#Brasseries $#Birrifici $#breweries $#Brauerei $#Bierbrauerei Brauerei $#Braustätte $#Brauhaus $74008024-9 $8Brauerei [Ts1] $9085013617 046L $aText in tschechischer und englischer Sprache 046M $tPraha Centrum 1:8 000 046M $tPraha a okolí 1:125 000 046M $tPlzeň a okolí 1:125 000 046M $tOstrava a okolí 1:125 000 lok: 43232366 24 exp: 43232366 24 1 #EPN 201B/01 $007-06-18 $t09:36:53.000 201C/01 $007-06-18 201U/01 $0utf8 203@/01 $01023089785 208@/01 $a07-06-18 $bz 209A/01 $aK 23 XIII B 2 $dd $f050 $hK 23 13 B 2 $x00 209C/01 $aK 2018.00114 K $h18 00114 K 220C/01 $awit 247C/01 $8358050-7Marburg, Bibliothek des Herder-Instituts Marburg $9102600961
| LEADER | 00000cem a2200000 c 4500 | ||
|---|---|---|---|
| 001 | 43232366X | ||
| 003 | DE-603 | ||
| 005 | 20180607234802.0 | ||
| 007 | a||||||| | ||
| 008 | 180607s2014 xx |||||| a || | ||cze c | ||
| 020 | |a 9788073933449 | ||
| 035 | |a (DE-599)HEB43232366X | ||
| 035 | |a (OCoLC)1039076685 | ||
| 040 | |a DE-603 |b ger |c DE-603 |d DE-603 |e rda | ||
| 041 | |a cze |a eng | ||
| 100 | 1 | |a Marek, Miloš |e Kartograf |4 ctg |0 (DE-603)144808811 | |
| 245 | 0 | 0 | |a Pivovary České republiky |b = Breweries of the Czech Republic |c Odpovědný redaktor: Mgr. Miloš Marek ; Technická redaktorka: Ing. Jana Sládková ; Mapová část: Mgr. Miloš Marek ; Sazba textové části: Blanka Holkovičová ; Obálka: Jan Ptáček ; Text: Ing. Petr Novotný ; Ilustrace pivovarů: Ing. arch. Jaroslav Staněk |
| 250 | |a 4. vydání | ||
| 255 | |a 1:500 000 | ||
| 264 | 1 | |a Praha |b Kartografie |c 2014 | |
| 264 | 3 | |a [Praha] |b Tiskárna Libertas | |
| 300 | |a 1 Karte |b farbig |c 60 x 97 cm, gefaltet 23 x 13 cm |e 1 Begleitheft (111 Seiten: Text, Illustrationen) | ||
| 336 | |a kartografisches Bild |b cri |2 rdacontent | ||
| 337 | |a ohne Hilfsmittel zu benutzen |b n |2 rdamedia | ||
| 338 | |a Blatt |b nb |2 rdacarrier | ||
| 500 | |a Enthält 4 Nebenkarten auf der Rückseite | ||
| 505 | 8 | 0 | |t Praha Centrum 1:8 000 |r Miloš Marek |
| 505 | 8 | 0 | |t Praha a okolí 1:125 000 |r Miloš Marek |
| 505 | 8 | 0 | |t Plzeň a okolí 1:125 000 |r Miloš Marek |
| 505 | 8 | 0 | |t Ostrava a okolí 1:125 000 |r Miloš Marek |
| 546 | |a Text in tschechischer und englischer Sprache | ||
| 650 | 7 | |a Bier |0 (DE-588)4006537-6 |0 (DE-603)08500961X |2 gnd | |
| 650 | 7 | |a Brauerei |0 (DE-588)4008024-9 |0 (DE-603)085013617 |2 gnd | |
| 651 | 7 | |a Tschechien |0 (DE-588)4303381-7 |0 (DE-603)086659812 |2 gnd | |
| 700 | 1 | |a Sládková, Jana |e Mitwirkender |4 ctb |0 (DE-603)219827133 | |
| 700 | 1 | |a Holkovičová, Blanka |e Mitwirkender |4 ctb |0 (DE-603)405814445 | |
| 700 | 1 | |a Ptáček, Jan |e Mitwirkender |4 ctb |0 (DE-603)212375067 | |
| 700 | 1 | |a Novotný, Petr |e Verfasser von ergänzendem Text |4 wst |0 (DE-603)138777071 | |
| 700 | 1 | |a Staněk, Jaroslav |d 1961- |e Illustrator |4 ill |0 (DE-603)206636792 |0 (DE-588)136636721 |2 gnd | |
| 710 | 2 | |a Kartografie Praha |e Herausgeber |4 edt |0 (DE-603)373249349 |0 (DE-588)1087353521 |2 gnd | |
| 924 | 0 | |9 Mb 50 |a (DE-603)1023089785 |b DE-Mb50 |c HES |d d |g K 23 XIII B 2 | |


